[Event "Lliga Catalana eq. DH"]
[Site "?"]
[Date "2014.02.08"]
[Round "3.7"]
[White "Fernandez Lopez, J."]
[Black "Quintas Galeano, L."]
[Result "1-0"]
[WhiteElo "2171"]
[BlackElo "2222"]
[PlyCount "87"]
[EventDate "2014.??.??"]
[EventType "team"]
[EventCountry "ESP"]

1. e4 e5 2. Nc3 Nf6 3. f4 d6 4. Nf3 Bg4 5. h3 Bxf3 6. Qxf3 Be7 7. Bc4 Nc6 8.
Ne2 Na5 9. Bb5+ c6 10. Bd3 c5 11. Bb5+ Nc6 12. fxe5 dxe5 13. Bxc6+ bxc6 14. d3
Qb6 15. Ng3 Qc7 16. O-O O-O-O 17. b3 Rhe8 18. Nf5 Bf8 19. Qg3 g6 20. Nh6 Bg7
21. Bg5 Re6 22. Qh4 Rdd6 23. Rf3 Bxh6 24. Qxh6 Nh5 25. Qf8+ Kb7 26. Rxf7 Rd7
27. Rxd7 Qxd7 28. Qxc5 Nf4 29. Rf1 Qc7 30. Bxf4 exf4 31. Qb4+ Ka8 32. Qf8+ Kb7
33. Qxf4 Qb6+ 34. Qf2 c5 35. Qf7+ Ka6 36. Kh1 h5 37. e5 Kb5 38. Rf6 Rxf6 39.
Qxf6 Qa5 40. a4+ Kb4 41. e6 Qa6 42. Qe5 Qc8 43. e7 Qe8 44. Qf4+ 1-0

[Event "Lliga Catalana eq. DH"]
[Site "?"]
[Date "2014.02.08"]
[Round "3.7"]
[White "Gonzalez Garcia, M."]
[Black "Jose Abril, R."]
[Result "1/2-1/2"]
[WhiteElo "2328"]
[BlackElo "2397"]
[PlyCount "63"]
[EventDate "2014.??.??"]
[EventType "team"]
[EventCountry "ESP"]

1. d4 Nf6 2. Bg5 b6 3. Bxf6 exf6 4. e3 Bb7 5. c3 g6 6. Ne2 Bg7 7. Nd2 d6 8. Nf4
f5 9. Be2 O-O 10. Bf3 c6 11. h4 h5 12. g3 Nd7 13. Kf1 Nf6 14. Kg2 Qe7 15. Re1
Ne4 16. Qc2 Rfe8 17. Rad1 Bh6 18. Nf1 Bxf4 19. exf4 d5 20. Ne3 Rad8 21. Qc1 Qf6
22. Be2 Re7 23. Nc2 Rde8 24. Bf1 a5 25. f3 Nd6 26. Rxe7 Qxe7 27. Re1 Qd7 28.
Rxe8+ Qxe8 29. Kf2 Kf8 30. Qe1 Qxe1+ 31. Kxe1 Ke7 32. b3 1/2-1/2

[Event "Lliga Catalana eq. DH"]
[Site "?"]
[Date "2014.02.08"]
[Round "3.7"]
[White "Llaneza Vega, P."]
[Black "Pinsach Gelabert, A."]
[Result "1/2-1/2"]
[WhiteElo "2216"]
[BlackElo "2140"]
[PlyCount "42"]
[EventDate "2014.??.??"]
[EventType "team"]
[EventCountry "ESP"]

1. e4 e5 2. Nf3 Nc6 3. d4 exd4 4. Nxd4 Nf6 5. Nxc6 bxc6 6. Nc3 Bb4 7. Bd3 O-O
8. O-O d5 9. exd5 cxd5 10. h3 h6 11. Qf3 c6 12. Ne2 Re8 13. Rd1 Qe7 14. a3 Bc5
15. b4 Bb6 16. Bb2 Ne4 17. Bxe4 Qxe4 18. Qxe4 Rxe4 19. Nd4 Bxd4 20. Bxd4 a5 21.
c3 Bf5 1/2-1/2

[Event "Lliga Catalana eq. DH"]
[Site "?"]
[Date "2014.02.08"]
[Round "3.7"]
[White "Perez Mañas, B."]
[Black "Ezquerro Luque, A."]
[Result "0-1"]
[WhiteElo "2375"]
[BlackElo "2201"]
[PlyCount "161"]
[EventDate "2014.??.??"]
[EventType "team"]
[EventCountry "ESP"]

1. e4 e5 2. Nf3 Nc6 3. Bb5 a6 4. Ba4 d6 5. Bxc6+ bxc6 6. d4 exd4 7. Qxd4 Qf6 8.
Qc4 Ne7 9. O-O Bd7 10. Re1 Ng6 11. Bg5 Ne5 12. Nxe5 Qxe5 13. Bd2 Be7 14. Bc3
Qh5 15. Nd2 f6 16. Nf3 Qf7 17. Qd3 O-O 18. Nd4 g6 19. b4 Rfe8 20. Re3 Bf8 21.
Rae1 Bh6 22. Rf3 c5 23. bxc5 dxc5 24. Rxf6 Qxf6 25. Nf5 Qf8 26. Nxh6+ Qxh6 27.
Qxd7 Qf8 28. Qxc7 Re6 29. f3 Qe7 30. Qxe7 Rxe7 31. Kf2 Rb8 32. Rd1 Kf7 33. Ke3
Ke6 34. Rd5 Rc8 35. f4 Rd7 36. Rg5 Kf7 37. f5 Rd1 38. fxg6+ hxg6 39. Rg3 Rc6
40. Rf3+ Ke7 41. Kf4 Re6 42. h4 Rg1 43. Rf2 Rh1 44. g3 Rg1 45. e5 Kf7 46. Kg4+
Kg7 47. Rd2 Rc1 48. Kg5 Rf1 49. Kg4 Rf5 50. a3 Kf7 51. Rd7+ Re7 52. Rd6 Rf2 53.
Rc6 Rxc2 54. Rxc5 Re6 55. Kg5 Rf2 56. g4 Rg2 57. Rc7+ Ke8 58. Kf4 Rf2+ 59. Kg5
Rg2 60. Rc4 Rc2 61. Rc5 Rg2 62. Ba5 Rg3 63. Bb4 Kd7 64. Ra5 Rc6 65. Rd5+ Ke8
66. Rd4 Kf7 67. Bd6 Rf3 68. Rb4 Rf2 69. Rb7+ Ke6 70. Rg7 Rc4 71. Rxg6+ Kd5 72.
Bb8 Rff4 73. Kh5 Rc8 74. Rd6+ Ke4 75. Rb6 Rh8+ 76. Kg5 Rg8+ 77. Kh5 Rh8+ 78.
Kg5 Rg8+ 79. Kh5 Rgxg4 80. Rxa6 Rxh4+ 81. Kg5 0-1

[Event "Lliga Catalana eq. DH"]
[Site "?"]
[Date "2014.02.08"]
[Round "3.7"]
[White "Sanchez Ibern, M."]
[Black "Garcia Pichon, E."]
[Result "1-0"]
[WhiteElo "2445"]
[BlackElo "2260"]
[PlyCount "68"]
[EventDate "2014.??.??"]
[EventType "team"]
[EventCountry "ESP"]

1. Nf3 d5 2. b3 c5 3. Bb2 Nf6 4. g3 Nc6 5. Bg2 Bg4 6. h3 Bxf3 7. exf3 e5 8. O-O
Bd6 9. c4 d4 10. d3 Qd7 11. Nd2 h5 12. h4 g5 13. hxg5 h4 14. Re1 Nh5 15. Ne4
O-O-O 16. a3 f5 17. gxf6 hxg3 18. fxg3 Rdg8 19. g4 Nf4 20. Bc1 Bc7 21. Bxf4
exf4 22. Kf2 Ne5 23. Qe2 Rxg4 24. fxg4 f3 25. Bxf3 Rh2+ 26. Bg2 Nxg4+ 27. Kg1
Ne3 28. Rf1 Nxg2 29. Qf3 Ne3 30. Nxc5 Rh1+ 31. Kf2 Rh2+ 32. Ke1 Qc6 33. f7 Nc2+
34. Kd1 Ne1 1-0

[Event "Lliga Catalana eq. DH"]
[Site "?"]
[Date "2014.02.08"]
[Round "3.8"]
[White "Baños, OF."]
[Black "Velasco Blasco, JM."]
[Result "1-0"]
[WhiteElo "2284"]
[BlackElo "2224"]
[PlyCount "111"]
[EventDate "2014.??.??"]
[EventType "team"]
[EventCountry "ESP"]

1. d4 d5 2. c4 Nc6 3. Nf3 Bg4 4. Nc3 e6 5. Bf4 Nf6 6. e3 Bd6 7. cxd5 Nxd5 8.
Nxd5 exd5 9. Bxd6 Qxd6 10. Be2 O-O 11. O-O Rae8 12. Rc1 Re6 13. Rc5 Rh6 14. g3
Re8 15. b4 Qd7 16. h4 Qd6 17. Kg2 Rg6 18. b5 Nd8 19. Rc3 Qd7 20. Rh1 Bxf3+ 21.
Bxf3 Ne6 22. Qb3 c6 23. Qa4 Rf6 24. bxc6 bxc6 25. g4 Nc7 26. g5 Rxf3 27. Kxf3
Nb5 28. Rd3 Qf5+ 29. Ke2 Qg4+ 30. Kd2 Qg2 31. Qd1 Qxf2+ 32. Qe2 Qg3 33. Qh2 Qg4
34. Rb1 Qc8 35. Rdb3 Qa6 36. R1b2 Qa5+ 37. Kd1 g6 38. Qd2 Qc7 39. Qh2 Qa5 40.
Qd2 Qc7 41. Qf2 Qa5 42. Qg3 Nc3+ 43. Kc2 Nb5 44. Kb1 Re4 45. Ka1 Kg7 46. Qf2
Re6 47. Rb1 Qc7 48. Rf1 Nd6 49. Qf4 Qa5 50. Qf2 Nf5 51. h5 c5 52. h6+ Kf8 53.
dxc5 Qxc5 54. Qb2 Rxe3 55. Qh8+ Ke7 56. Rb7+ 1-0

[Event "Lliga Catalana eq. DH"]
[Site "?"]
[Date "2014.02.08"]
[Round "3.8"]
[White "Castellano Egea, E."]
[Black "Maroto Borras, J."]
[Result "0-1"]
[WhiteElo "2282"]
[BlackElo "2199"]
[PlyCount "62"]
[EventDate "2014.??.??"]
[EventType "team"]
[EventCountry "ESP"]

1. e4 e6 2. b3 b6 3. Bb2 Bb7 4. Nc3 c5 5. Nf3 Nc6 6. Bb5 Nge7 7. Qe2 a6 8. Bxc6
Nxc6 9. e5 Be7 10. O-O-O f5 11. h4 O-O 12. Rh3 b5 13. Rg1 Rc8 14. g4 Nd4 15.
Nxd4 cxd4 16. Nd1 Qa5 17. Kb1 Rxc2 18. Kxc2 Qxa2 19. Nc3 dxc3 20. Rxc3 Ba3 21.
Rb1 b4 22. Rc4 Be4+ 23. d3 Bd5 24. g5 a5 25. Kc1 Qxb3 26. Rc2 Qa4 27. h5 Bxb2+
28. Rcxb2 b3 29. Kd1 Qf4 30. Qe3 Qg4+ 31. Kd2 a4 0-1

[Event "Lliga Catalana eq. DH"]
[Site "?"]
[Date "2014.02.08"]
[Round "3.8"]
[White "Codina Garcia, J."]
[Black "Mateu Guiu, E."]
[Result "0-1"]
[WhiteElo "2219"]
[BlackElo "2159"]
[PlyCount "94"]
[EventDate "2014.??.??"]
[EventType "team"]
[EventCountry "ESP"]

1. d4 Nf6 2. c4 c5 3. e3 d6 4. Nc3 g6 5. Nf3 Bg7 6. Be2 O-O 7. O-O a6 8. b3 Bg4
9. Bb2 Nc6 10. d5 Bxf3 11. Bxf3 Ne5 12. Be2 Qa5 13. f4 Ned7 14. Qc2 Rfe8 15. e4
e6 16. dxe6 Rxe6 17. Bf3 Rae8 18. Rfd1 Qc7 19. g3 Nb8 20. Nd5 Nxd5 21. cxd5
R6e7 22. Bxg7 Kxg7 23. Qc3+ Kg8 24. Re1 Nd7 25. Rad1 Qb6 26. Kg2 Qb4 27. Qxb4
cxb4 28. Rd4 a5 29. Re2 Rc8 30. e5 Kf8 31. exd6 Rxe2+ 32. Bxe2 Nf6 33. Rc4 Rxc4
34. Bxc4 Ne4 35. Kf3 Nxd6 36. Bd3 Ke7 37. Ke3 Ne8 38. Kd4 Kd6 39. Be2 Nc7 40.
Bf3 Nb5+ 41. Kc4 Na3+ 42. Kd4 Nb1 43. Bg2 Nc3 44. a4 b5 45. axb5 Nxb5+ 46. Kc4
Na3+ 47. Kd4 Nc2+ 0-1

[Event "Lliga Catalana eq. DH"]
[Site "?"]
[Date "2014.02.08"]
[Round "3.8"]
[White "Iglesias Romero, J."]
[Black "Prat Llables, J."]
[Result "1/2-1/2"]
[WhiteElo "2371"]
[BlackElo "2284"]
[PlyCount "94"]
[EventDate "2014.??.??"]
[EventType "team"]
[EventCountry "ESP"]

1. Nf3 Nf6 2. g3 g6 3. Bg2 Bg7 4. O-O O-O 5. c4 d6 6. d4 Nc6 7. Nc3 a6 8. Bf4
Nd7 9. Qd2 e5 10. dxe5 Ndxe5 11. b3 Bg4 12. Bg5 Nxf3+ 13. exf3 Bxc3 14. Qxc3
Qxg5 15. fxg4 Qxg4 16. Rfe1 Qd7 17. Re3 Rae8 18. Rae1 Rxe3 19. Qxe3 Rd8 20. h4
h5 21. Bd5 Ne5 22. Bxb7 c6 23. f4 Qxb7 24. fxe5 Re8 25. Qd4 c5 26. Qxd6 Qf3 27.
e6 Rxe6 28. Rxe6 fxe6 29. Qxe6+ Kg7 30. Qe5+ Kh7 31. Qf4 Qd1+ 32. Kg2 Qd7 33.
Qf3 Qe7 34. Qd3 Qb7+ 35. Qd5 Qe7 36. Kf3 Qf6+ 37. Ke3 Qc3+ 38. Kf4 Qf6+ 39. Ke4
Qf2 40. Qd3 Qf5+ 41. Ke3 Qe5+ 42. Kf2 Qb2+ 43. Qe2 Qf6+ 44. Kg2 Qc6+ 45. Kf2
Qf6+ 46. Kg2 Qc6+ 47. Kf2 Qf6+ 1/2-1/2

[Event "Lliga Catalana eq. DH"]
[Site "?"]
[Date "2014.02.08"]
[Round "3.8"]
[White "Serra Pages, J."]
[Black "Yepes Martinez, E."]
[Result "1-0"]
[WhiteElo "2216"]
[BlackElo "2238"]
[PlyCount "119"]
[EventDate "2014.??.??"]
[EventType "team"]
[EventCountry "ESP"]

1. d4 f5 2. c4 Nf6 3. Nc3 d6 4. g3 g6 5. Bg2 Bg7 6. Nh3 Nc6 7. d5 Ne5 8. O-O
O-O 9. b3 c6 10. Bb2 Rb8 11. e3 cxd5 12. Nxd5 Nxd5 13. Qxd5+ e6 14. Qd2 b5 15.
cxb5 Rxb5 16. Rac1 Bb7 17. Bxb7 Rxb7 18. f4 Ng4 19. Bxg7 Rxg7 20. Rc6 Rd7 21.
Rd1 Qa8 22. Rxd6 Rxd6 23. Qxd6 Qe4 24. Qd3 Qf3 25. Rf1 Qa8 26. Nf2 Rd8 27. Qe2
Nf6 28. Rd1 Nd5 29. e4 Nc3 30. Rxd8+ Qxd8 31. Qc4 Nxe4 32. Nxe4 fxe4 33. Qxe6+
Kg7 34. Qe5+ Kg8 35. Qxe4 Qd1+ 36. Kf2 Qd2+ 37. Qe2 Qd4+ 38. Kf1 Kf8 39. h3 Qd5
40. Kg1 Qd4+ 41. Kh2 a5 42. Qc2 h5 43. h4 Kg7 44. a3 Kf6 45. Qe2 Qb6 46. b4
axb4 47. Qb2+ Kf7 48. axb4 Qb5 49. Qd2 Ke6 50. Kg2 Kf5 51. Qc2+ Kf6 52. Qc3+
Kf7 53. Qc7+ Kg8 54. Qd8+ Kf7 55. Qd2 Ke6 56. Kf2 Kf5 57. Qe2 Qb6+ 58. Qe3 Qa6
59. Qe5+ Kg4 60. Qe2+ 1-0

[Event "Lliga Catalana eq. DH"]
[Site "?"]
[Date "2014.02.08"]
[Round "3.8"]
[White "Soler Rionegro, A."]
[Black "Martin Gonzalez, A."]
[Result "0-1"]
[WhiteElo "2079"]
[BlackElo "2464"]
[PlyCount "34"]
[EventDate "2014.??.??"]
[EventType "team"]
[EventCountry "ESP"]

1. e4 c5 2. Nf3 d6 3. Bb5+ Nc6 4. c3 Nf6 5. e5 dxe5 6. Bxc6+ bxc6 7. Nxe5 Qd5
8. Nf3 Ba6 9. d4 e6 10. Be3 cxd4 11. cxd4 Bb4+ 12. Nbd2 O-O 13. a3 Bxd2+ 14.
Qxd2 Rfd8 15. Rc1 Ne4 16. Qc2 Qb5 17. Ng1 Qf1# 0-1

[Event "Lliga Catalana eq. DH"]
[Site "?"]
[Date "2014.02.08"]
[Round "3.8"]
[White "Subirachs Mancebo, G."]
[Black "Garcia Jimenez, FJ."]
[Result "1/2-1/2"]
[WhiteElo "2213"]
[BlackElo "2362"]
[PlyCount "140"]
[EventDate "2014.??.??"]
[EventType "team"]
[EventCountry "ESP"]

1. e4 d5 2. exd5 Nf6 3. d4 Bg4 4. Be2 Bxe2 5. Qxe2 Qxd5 6. Nf3 Nc6 7. c4 Qe4 8.
Be3 e5 9. Nc3 Bb4 10. O-O Bxc3 11. bxc3 O-O 12. h3 Rfe8 13. Rfd1 Rad8 14. Qb2
b6 15. Qb5 exd4 16. cxd4 Na5 17. Bd2 Nb7 18. Re1 Qd3 19. Qc6 Nd6 20. Qxc7 Nxc4
21. Bg5 Rc8 22. Bxf6 gxf6 23. Qd7 Red8 24. Qxa7 Qf5 25. Re7 Ra8 26. Qc7 Rdc8
27. Qg3+ Qg6 28. Qf4 b5 29. Rae1 Nb2 30. Nh4 Qg5 31. Qe4 Nc4 32. Nf5 h5 33. Qd5
Nd6 34. Qxd6 Qxf5 35. R1e3 Rc1+ 36. Kh2 Qxf2 37. Re8+ Rxe8 38. Rxe8+ Kh7 39.
Re7 Kg7 40. Qg3+ Qxg3+ 41. Kxg3 Rc3+ 42. Kf4 Rc2 43. Rb7 Rf2+ 44. Ke4 Rxa2 45.
Rxb5 Kg6 46. g4 hxg4 47. hxg4 Re2+ 48. Kf4 Rd2 49. Rd5 Rd1 50. Rd8 Rf1+ 51. Ke4
Re1+ 52. Kd5 f5 53. gxf5+ Kxf5 54. Kd6 Kf4 55. d5 f5 56. Kc7 Kf3 57. d6 Rc1+
58. Kb7 Rb1+ 59. Kc6 Rc1+ 60. Kd5 f4 61. d7 Rd1+ 62. Ke6 Re1+ 63. Kf6 Rd1 64.
Ke7 Re1+ 65. Kd6 Rd1+ 66. Ke6 Re1+ 67. Kf5 Rd1 68. Ra8 Rxd7 69. Ra3+ Ke2 70.
Kxf4 Rf7+ 1/2-1/2

[Event "Lliga Catalana eq. DH"]
[Site "?"]
[Date "2014.02.08"]
[Round "3.9"]
[White "De la Riva Aguado, J."]
[Black "Colls Gelaberto, E."]
[Result "1/2-1/2"]
[WhiteElo "2245"]
[BlackElo "2166"]
[PlyCount "45"]
[EventDate "2014.??.??"]
[EventType "team"]
[EventCountry "ESP"]

1. e4 c5 2. Nc3 d6 3. Nf3 Nf6 4. g3 g6 5. Bg2 Nc6 6. d4 cxd4 7. Nxd4 Bg4 8.
Nxc6 bxc6 9. Qd3 Qc8 10. e5 dxe5 11. Qc4 Bd7 12. O-O Bg7 13. Re1 O-O 14. Rxe5
Be6 15. Qxc6 Qxc6 16. Bxc6 Rac8 17. Bg2 Ng4 18. Re2 Bxc3 19. bxc3 Rxc3 20. Bb2
Rc4 21. Rd1 Nf6 22. Red2 Bf5 23. Bd4 1/2-1/2

[Event "Lliga Catalana eq. DH"]
[Site "?"]
[Date "2014.02.08"]
[Round "3.9"]
[White "Fernandez Alonso, MA."]
[Black "Castellet Giralt, G."]
[Result "0-1"]
[WhiteElo "2214"]
[BlackElo "2293"]
[PlyCount "70"]
[EventDate "2014.??.??"]
[EventType "team"]
[EventCountry "ESP"]

1. d4 e6 2. Nf3 d5 3. c4 c6 4. e3 f5 5. Nc3 Nf6 6. Qc2 Bb4 7. Bd2 O-O 8. O-O-O
a5 9. a3 Bd6 10. Ne5 Bxe5 11. dxe5 Ng4 12. Be1 Nxe5 13. f4 Ng4 14. Qe2 Qb6 15.
Bd2 Nf6 16. g4 Nxg4 17. Rg1 Rf7 18. Rg3 Nf6 19. Qg2 Na6 20. Na4 Qc7 21. Bc3 b5
22. Be5 Qb7 23. Nb6 Ra7 24. cxb5 Qxb6 25. bxa6 Ne4 26. Rh3 Bxa6 27. Bxa6 Qxa6
28. Qc2 Qb5 29. Rf3 Qc5 30. Qxc5 Nxc5 31. Rg3 Ne4 32. Rg2 c5 33. Rdg1 a4 34. h4
Rad7 35. Rd1 Nf6 0-1

[Event "Lliga Catalana eq. DH"]
[Site "?"]
[Date "2014.02.08"]
[Round "3.9"]
[White "Ibañez Tarradellas, E."]
[Black "Gil Gil, A."]
[Result "1-0"]
[WhiteElo "2400"]
[BlackElo "2022"]
[PlyCount "39"]
[EventDate "2014.??.??"]
[EventType "team"]
[EventCountry "ESP"]

1. d4 d5 2. Bg5 h6 3. Bh4 c5 4. e3 Qb6 5. Nc3 e6 6. Bb5+ Bd7 7. Bxd7+ Nxd7 8.
Nge2 Ngf6 9. O-O c4 10. f3 Be7 11. Kh1 O-O 12. e4 g5 13. Bf2 dxe4 14. fxe4 Ng4
15. Bg1 Qc7 16. Ng3 Ngf6 17. e5 Nd5 18. Nxd5 exd5 19. Nf5 Rfe8 20. Nxh6+ 1-0

[Event "Lliga Catalana eq. DH"]
[Site "?"]
[Date "2014.02.08"]
[Round "3.9"]
[White "Marques Taltavull, A."]
[Black "Gutierrez Clares, J."]
[Result "1/2-1/2"]
[WhiteElo "2254"]
[BlackElo "2321"]
[PlyCount "62"]
[EventDate "2014.??.??"]
[EventType "team"]
[EventCountry "ESP"]

1. Nf3 Nf6 2. c4 g6 3. b4 Bg7 4. Bb2 d6 5. g3 O-O 6. Bg2 Nbd7 7. O-O e5 8. d3
a5 9. a3 Re8 10. Nc3 c6 11. Nd2 Nb6 12. Nb3 axb4 13. axb4 Rxa1 14. Qxa1 d5 15.
c5 d4 16. cxb6 dxc3 17. Bxc3 Nd5 18. Bxd5 Qxd5 19. Nc5 Bh3 20. e4 Qd8 21. Rb1
Qxb6 22. Qa5 Qd8 23. Qxd8 Rxd8 24. Nxb7 Rxd3 25. Be1 Bh6 26. Nc5 Ra3 27. Rd1
Bg4 28. Rd3 Ra1 29. Kf1 Bf8 30. f3 Bh3+ 31. Ke2 Bxc5 1/2-1/2

[Event "Lliga Catalana eq. DH"]
[Site "?"]
[Date "2014.02.08"]
[Round "3.9"]
[White "Obon Temprano, S."]
[Black "Lopez Forn, M."]
[Result "0-1"]
[WhiteElo "2365"]
[BlackElo "2176"]
[PlyCount "52"]
[EventDate "2014.??.??"]
[EventType "team"]
[EventCountry "ESP"]

1. e4 c5 2. Nf3 Nc6 3. Bb5 Qb6 4. Nc3 e6 5. O-O a6 6. Bxc6 Qxc6 7. d4 d6 8. d5
Qc7 9. dxe6 fxe6 10. Bf4 Bd7 11. e5 d5 12. Ng5 Ne7 13. Qg4 Qc6 14. Rad1 h6 15.
Nh3 O-O-O 16. Bd2 g5 17. b4 Nf5 18. Rb1 cxb4 19. Nd1 d4 20. Bxb4 Bxb4 21. Rxb4
Qxc2 22. Ne3 Nxe3 23. fxe3 h5 24. Qxd4 Bb5 25. Qb6 Rd2 26. Nf2 Rxf2 0-1

[Event "Lliga Catalana eq. DH"]
[Site "?"]
[Date "2014.02.08"]
[Round "3.9"]
[White "Rechi Perez, F."]
[Black "Vallverdu Miret, O."]
[Result "0-1"]
[WhiteElo "2024"]
[BlackElo "2193"]
[PlyCount "96"]
[EventDate "2014.??.??"]
[EventType "team"]
[EventCountry "ESP"]

1. e4 d5 2. exd5 Qxd5 3. d4 e5 4. dxe5 Qxd1+ 5. Kxd1 Nc6 6. Bb5 Nge7 7. Be3 Bf5
8. Nf3 O-O-O+ 9. Kc1 Nb4 10. Ba4 Ned5 11. Bd2 Bc5 12. a3 Nc6 13. Bxc6 bxc6 14.
Nc3 Nxc3 15. bxc3 Bxf2 16. Ng5 Be6 17. Rf1 Bc5 18. Nxe6 fxe6 19. Bf4 Rhf8 20.
Kb2 Rd7 21. Rf3 Rdf7 22. Raf1 Rf5 23. Kb3 h6 24. h4 Be7 25. Bg3 g6 26. a4 a6
27. Kc4 Rd8 28. Rxf5 gxf5 29. Bf4 Bxh4 30. Bxh6 Rg8 31. Rh1 Rg4+ 32. Kd3 Bg3
33. Rh3 Bxe5 34. Re3 Rg3 35. Rxg3 Bxg3 36. Kd4 e5+ 37. Kd3 Kd7 38. Ke3 Ke6 39.
Kd3 e4+ 40. Ke3 Kd5 41. Bg7 Be5 42. c4+ Ke6 43. Bh6 Bb2 44. Kd2 Bd4 45. Ke2 Kf6
46. Bf4 Be5 47. Bh6 f4 48. Bf8 Bd6 0-1

[Event "Lliga Catalana eq. DH"]
[Site "?"]
[Date "2014.02.08"]
[Round "3.9"]
[White "Roca Diaz, MA."]
[Black "Gonzalez Hernandez, F."]
[Result "0-1"]
[WhiteElo "2148"]
[BlackElo "2267"]
[PlyCount "94"]
[EventDate "2014.??.??"]
[EventType "team"]
[EventCountry "ESP"]

1. d4 d5 2. c4 e6 3. Nf3 Nf6 4. g3 Bb4+ 5. Bd2 Be7 6. Bg2 c6 7. O-O O-O 8. Nc3
b6 9. b3 Ba6 10. Qc2 Nbd7 11. Rfe1 Rc8 12. Na4 b5 13. Nb2 c5 14. dxc5 Bxc5 15.
b4 Bd6 16. c5 Bb8 17. Bc3 e5 18. Qf5 Qe7 19. Red1 Bb7 20. Bd2 Ne4 21. Ng5 g6
22. Qh3 Nxg5 23. Bxg5 Qxg5 24. Qxd7 Bc6 25. h4 Qh5 26. Qh3 Qxe2 27. Nd3 e4 28.
Nf4 Qb2 29. h5 Bxf4 30. hxg6 hxg6 31. gxf4 Qxb4 32. f5 Qb2 33. fxg6 fxg6 34.
Qg3 Qf6 35. Rab1 Rf7 36. Bxe4 dxe4 37. Rd6 Qe7 38. Rbd1 Be8 39. R1d5 Rf6 40.
Qg5 Kg7 41. Re5 Qf7 42. Rxe4 Rc6 43. Rh4 Kg8 44. Qe5 Rcxd6 45. cxd6 Bd7 46. Rh6
Qe6 47. Qg3 Qg4 0-1

[Event "Lliga Catalana eq. DH"]
[Site "?"]
[Date "2014.02.08"]
[Round "3.10"]
[White "Bru Rull, L."]
[Black "Benet Morant, D."]
[Result "1-0"]
[WhiteElo "2263"]
[BlackElo "2168"]
[PlyCount "55"]
[EventDate "2014.??.??"]
[EventType "team"]
[EventCountry "ESP"]

1. e4 c5 2. Nf3 e6 3. d4 cxd4 4. Nxd4 Nc6 5. Nc3 Qc7 6. Be3 a6 7. Bd3 Nf6 8.
O-O Nxd4 9. Bxd4 Bc5 10. Be2 d6 11. Qd2 Bd7 12. Rad1 Bc6 13. Bxc5 dxc5 14. Qg5
O-O 15. Qxc5 Qf4 16. f3 Rac8 17. Qb6 h5 18. Rd3 h4 19. Qe3 Qe5 20. f4 Qa5 21.
a3 e5 22. fxe5 Qxe5 23. Rf5 Qe6 24. Qf4 Rfe8 25. e5 Nd7 26. Re3 Nf8 27. Bc4 Qh6
28. Bxf7+ 1-0

[Event "Lliga Catalana eq. DH"]
[Site "?"]
[Date "2014.02.08"]
[Round "3.10"]
[White "Casanellas Ruano, L."]
[Black "Lopez Santana, O."]
[Result "1-0"]
[WhiteElo "2119"]
[BlackElo "2187"]
[PlyCount "81"]
[EventDate "2014.??.??"]
[EventType "team"]
[EventCountry "ESP"]

1. d4 e6 2. e4 d5 3. Nd2 Nc6 4. Ngf3 Nf6 5. e5 Nd7 6. Bb5 Be7 7. O-O O-O 8. Re1
a5 9. Nf1 Na7 10. Bd3 c5 11. c3 Nc6 12. Bf4 b6 13. Qe2 Bb7 14. Rac1 a4 15. a3
Qc8 16. Qc2 g6 17. h4 Ba6 18. Bh6 Re8 19. h5 Bxd3 20. Qxd3 Na5 21. N1d2 Nc4 22.
Nxc4 dxc4 23. Qxc4 cxd4 24. Qxd4 Nc5 25. Rcd1 Rd8 26. Qe3 Qb7 27. hxg6 hxg6 28.
Bg5 Qc7 29. Bf6 Bxf6 30. exf6 Rxd1 31. Rxd1 Rd8 32. Rd4 Rxd4 33. Qxd4 Qd7 34.
Qh4 Qd1+ 35. Kh2 Qd6+ 36. g3 e5 37. Qg5 Nd7 38. Kh3 e4 39. Nd4 Nxf6 40. Kg2 Kg7
41. Nf5+ 1-0

[Event "Lliga Catalana eq. DH"]
[Site "?"]
[Date "2014.02.08"]
[Round "3.10"]
[White "Fernandez Madrid, C."]
[Black "Clopes Llahi, J."]
[Result "0-1"]
[WhiteElo "2281"]
[BlackElo "2227"]
[PlyCount "88"]
[EventDate "2014.??.??"]
[EventType "team"]
[EventCountry "ESP"]

1. c4 e5 2. g3 d6 3. Bg2 f5 4. Nc3 Nf6 5. d3 Be7 6. e3 O-O 7. Nge2 c6 8. O-O
Na6 9. f4 Kh8 10. Kh1 Be6 11. b3 Nc5 12. d4 exd4 13. exd4 Nce4 14. d5 cxd5 15.
cxd5 Bf7 16. Bb2 Qb6 17. Nxe4 Nxe4 18. Qd3 Rae8 19. Bd4 Qa5 20. Nc3 Bf6 21.
Bxf6 Nxf6 22. a3 Ng4 23. b4 Qb6 24. Nd1 Bg8 25. Ra2 Ne3 26. Nxe3 Rxe3 27. Qc2
Qa6 28. a4 Bxd5 29. b5 Bxg2+ 30. Qxg2 Qb6 31. Qd5 h6 32. a5 Qc7 33. Rd1 Rfe8
34. Qxf5 Qc4 35. Rf2 Qb4 36. a6 bxa6 37. bxa6 Qb6 38. Rfd2 Qxa6 39. Qb1 Qc6+
40. Kg1 Re2 41. Rd5 Qc3 42. Qd3 Qb2 43. Rd2 Qb6+ 44. Qd4 Rxd2 0-1

[Event "Lliga Catalana eq. DH"]
[Site "?"]
[Date "2014.02.08"]
[Round "3.10"]
[White "Garcia Castellote, O."]
[Black "Rivas Garcia, V."]
[Result "1/2-1/2"]
[WhiteElo "2171"]
[BlackElo "2331"]
[PlyCount "69"]
[EventDate "2014.??.??"]
[EventType "team"]
[EventCountry "ESP"]

1. e4 c5 2. d3 Nc6 3. g3 g6 4. Bg2 Bg7 5. f4 d6 6. Nf3 e6 7. O-O Nge7 8. c3 O-O
9. Be3 b6 10. Na3 Ba6 11. Re1 Rc8 12. Bf2 Qd7 13. Qd2 Rfd8 14. Nc2 d5 15. e5
Bb7 16. g4 a5 17. Bh4 Re8 18. Bf6 d4 19. c4 h6 20. Qe2 Nb4 21. a4 Nxc2 22. Qxc2
Nc6 23. Qe2 Nb4 24. b3 Bc6 25. Bxg7 Kxg7 26. Rf1 Qb7 27. Rf2 Qd7 28. Rb1 Rf8
29. h4 Rce8 30. Re1 Qd8 31. g5 h5 32. Rb1 Bxf3 33. Bxf3 Qd7 34. Rb2 Nc6 35.
Bxc6 1/2-1/2

[Event "Lliga Catalana eq. DH"]
[Site "?"]
[Date "2014.02.08"]
[Round "3.10"]
[White "Paul Cava, J."]
[Black "Casanovas Cantarero, E."]
[Result "0-1"]
[WhiteElo "1945"]
[BlackElo "1916"]
[PlyCount "78"]
[EventDate "2014.??.??"]
[EventType "team"]
[EventCountry "ESP"]

1. d4 d5 2. c4 c6 3. Nc3 Nf6 4. e3 Bf5 5. Nf3 e6 6. Be2 Be7 7. O-O Nbd7 8. a3
O-O 9. Nh4 Bg6 10. Nxg6 hxg6 11. c5 e5 12. b4 Qc7 13. Qc2 e4 14. f3 Rae8 15.
fxe4 Nxe4 16. Nxe4 dxe4 17. Bc4 Nf6 18. a4 Ng4 19. g3 Nh6 20. Bb2 Nf5 21. Rae1
Bg5 22. Bc1 Qd7 23. Qe2 Bf6 24. Rd1 Rd8 25. Rf4 Rfe8 26. Qg4 Qe7 27. h4 Nh6 28.
Qh3 g5 29. hxg5 Bxg5 30. Rf2 g6 31. Kg2 Kg7 32. Kf1 f5 33. Ke2 Ng4 34. Rff1 Rh8
35. Qxg4 fxg4 36. Rf7+ Qxf7 37. Bxf7 Kxf7 38. Rf1+ Ke6 39. Kd2 Rdf8 0-1

[Event "Lliga Catalana eq. DH"]
[Site "?"]
[Date "2014.02.08"]
[Round "3.10"]
[White "Sole Bove, J."]
[Black "Arias Boo, G."]
[Result "0-1"]
[WhiteElo "1905"]
[BlackElo "2392"]
[PlyCount "142"]
[EventDate "2014.??.??"]
[EventType "team"]
[EventCountry "ESP"]

1. d4 Nf6 2. c4 e5 3. dxe5 Ng4 4. e4 Nxe5 5. f4 Ng6 6. Be3 Bb4+ 7. Nd2 Qe7 8.
Qc2 d6 9. Ngf3 Bg4 10. a3 Bxd2+ 11. Nxd2 Nc6 12. Bd3 Qh4+ 13. g3 Qe7 14. h3 Bd7
15. Nf3 a5 16. Kf2 O-O 17. h4 Rfe8 18. Rae1 Nf8 19. Bd2 Bg4 20. Nh2 Bc8 21. Bc3
h6 22. Re3 Ne6 23. Nf3 Nc5 24. Rhe1 Bg4 25. Nh2 Bd7 26. e5 dxe5 27. Bh7+ Kh8
28. Bxe5 Nxe5 29. Rxe5 Qf8 30. Bd3 Ba4 31. Rxe8 Rxe8 32. Rxe8 Qxe8 33. Qe2 Qd7
34. Bb1 Bc6 35. Nf3 Bxf3 36. Kxf3 a4 37. Qc2 g6 38. h5 Qc6+ 39. Kf2 Kg7 40.
hxg6 fxg6 41. Qc3+ Qf6 42. Qxf6+ Kxf6 43. Bc2 g5 44. Kf3 b6 45. Kg4 Nb3 46. Kh5
gxf4 47. gxf4 Kg7 48. Kg4 Nd2 49. Bd3 Nb3 50. Kf5 Kf7 51. Ke5 Ke7 52. Kd5 h5
53. Kc6 Kd8 54. f5 h4 55. f6 h3 56. Bf1 h2 57. Bg2 Nc5 58. Kd5 Ke8 59. Kc6 Ne6
60. Kb5 Kf7 61. Kxa4 Kxf6 62. b4 Ke5 63. Kb5 Nd4+ 64. Ka4 Nc2 65. Kb3 Ne1 66.
Bh1 Kd4 67. a4 Nd3 68. a5 bxa5 69. bxa5 Kc5 70. Kc3 Nf2 71. Bg2 h1=Q 0-1